Taylor Swift - Paroles du Bridge "All Too Well" - Statistiques

Statistiques générales
  • Ce quiz a été pris 28 fois
  • Le résultat moyen est 129 sur 191
Statistiques - réponses
Réponse % Correct
a
100%
I
100%
and
95%
the
95%
to
95%
too
95%
we
95%
well,
95%
well
95%
you
95%
all
90%
it
90%
maybe
90%
remember
90%
there
90%
ask
85%
but
85%
for
85%
got
85%
in
85%
like
85%
lost
85%
masterpiece
85%
me
85%
much
85%
promise
85%
translation
85%
was
85%
break
80%
thing
80%
this
80%
cruel
75%
he
75%
so
75%
up
75%
be
70%
call
70%
just
70%
time
70%
again
65%
'cause
65%
of
65%
running
65%
scared
65%
being
60%
casually
60%
every
60%
here
60%
honest
60%
lying
60%
name
60%
paper
60%
piece
60%
die
55%
I'm
55%
mind
55%
my
55%
said
55%
say
55%
that
55%
they
55%
who
55%
age
50%
closer
50%
ends
50%
fine
50%
hell
50%
new
50%
on
50%
she?
50%
'til
50%
tore
50%
all's
45%
been
45%
had
45%
idea
45%
if
45%
it's
45%
made
45%
want
45%
what
45%
with
45%
would've
45%
actress
40%
askin'
40%
bathroom
40%
come
40%
dad
40%
double-cross
40%
jokes
40%
reflects
40%
some
40%
twenty-one
40%
charmed
35%
coffee
35%
crumpled
35%
door
35%
ever-lovely
35%
front
35%
fun
35%
happened
35%
jewel
35%
late
35%
never-needy
35%
night
35%
shine
35%
show
35%
sippin'
35%
supposed
35%
that's
35%
turning
35%
watch
35%
watched
35%
willin'
35%
you're
35%
party
30%
not
25%
whose
25%
self-effacing
20%
weepin'
20%
Aucun quiz correspondant
Distribution des résultats
% des personnes avec chaque résultat
Percentile par nombre de réponses
Votre historique - résultats
Vous n’avez pas pris ce quiz